00546nam a2200157 a 4500001000400000003000500004005001700009008004100026020001500067040002000082245017400102260002700276610004800303700002000351700001700371430CDMR20131128111409.0130130s2004||||||||||||||||||||||||||||d a846092016X aCDMRbcatcCDMR00aCentre d'Investigació de la Comunicaciób: memòria d'una institució catalana oberta al món (1987-1997)cWifredo Espina, ed. ; pròleg del M.H. Sr. Jordi Pujol aBarcelonac2004bCEDIC2 aCentre d'Investigació de la Comunicació1 aEspina, Wifredo1 aPujol, Jordi